Разработка ионно-пучковых методов модификации свойств алюминиевых сплавов на основе использования радиационно-динамических эффектов: автореферат диссертации на соискание ученой степени доктора технических наук; спец. 01.04.07

Podrobná bibliografie
Hlavní autor: Можаровский С. М. Сергей Михайлович
Korporativní autor: Российская академия наук (РАН) Уральское отделение (УО) Институт электрофизики (ИЭФ)
Další autoři: Овчинников В. В. Владимир Владимирович (научный консультант)
Shrnutí:Заглавие с титульного экрана
Электронная версия печатной публикации
Jazyk:ruština
Vydáno: Томск, 2011
Témata:
On-line přístup:http://www.lib.tpu.ru/fulltext/a/2011/70.pdf
Médium: MixedMaterials Elektronický zdroj Kniha
KOHA link:https://koha.lib.tpu.ru/cgi-bin/koha/opac-detail.pl?biblionumber=204217

MARC

LEADER 00000nlm0a2200000 4500
001 204217
005 20231101225212.0
035 |a (RuTPU)RU\TPU\book\222574 
090 |a 204217 
100 |a 20111121d2011 k y0rusy50 ca 
101 0 |a rus 
102 |a RU 
105 |a a dm 000zy 
135 |a drbn ---uucaa 
181 0 |a i  
182 0 |a b 
200 1 |a Разработка ионно-пучковых методов модификации свойств алюминиевых сплавов на основе использования радиационно-динамических эффектов  |b Электронный ресурс  |e автореферат диссертации на соискание ученой степени доктора технических наук  |e спец. 01.04.07  |f С. М. Можаровский  |g Российская академия наук (РАН), Уральское отделение (УО), Институт электрофизики (ИЭФ) ; науч. конс. В. В. Овчинников 
203 |a Текст  |c электронный 
210 |a Томск  |d 2011 
215 |a 1 файл (1.9 Mb) 
230 |a Электронные текстовые данные (1 файл : 1.9 Mb) 
300 |a Заглавие с титульного экрана 
300 |a Электронная версия печатной публикации 
337 |a Adobe Reader 
452 1 |0 (RuTPU)RU\TPU\book\224497  |t Разработка ионно-пучковых методов модификации свойств алюминиевых сплавов на основе использования радиационно-динамических эффектов  |o автореферат диссертации на соискание ученой степени доктора технических наук  |o спец. 01.04.07  |f С. М. Можаровский  |g Российская академия наук (РАН), Уральское отделение (УО), Институт электрофизики (ИЭФ) ; науч. конс. В. В. Овчинников  |c Томск  |d 2011  |p 38 с.  |a Можаровский, Сергей Михайлович 
606 1 |a Алюминиевые сплавы  |x Структура  |2 stltpush  |3 (RuTPU)RU\TPU\subj\21919  |9 46830 
610 1 |a электронный ресурс 
610 1 |a авторефераты диссертаций 
610 1 |a свойства 
610 1 |a ионно-лучевая обработка 
610 1 |a холоднодеформированные сплавы 
610 1 |a ускоренные ионы 
610 1 |a пучки 
610 1 |a воздействие 
610 1 |a дисперсионно-твердеющие сплавы 
610 1 |a деформация 
610 1 |a прокатка 
610 1 |a отжиг 
610 1 |a кристаллические блок-сополимеры 
610 1 |a исследование 
610 1 |a микроструктура 
610 1 |a изменение 
610 1 |a импульсные мощные ионные пучки 
610 1 |a инициирование 
610 1 |a облучение 
610 1 |a фазовый состав 
610 1 |a механические свойства 
610 1 |a алюминиевый листовой прокат 
675 |a 669.715(04)  |v 3 
686 |a 01.04.07  |2 oksvnk 
700 1 |a Можаровский  |b С. М.  |g Сергей Михайлович 
702 1 |a Овчинников  |b В. В.  |g Владимир Владимирович  |4 695 
712 0 2 |a Российская академия наук (РАН)  |b Уральское отделение (УО)  |b Институт электрофизики (ИЭФ)  |c (Екатеринбург)  |2 stltpush  |3 (RuTPU)RU\TPU\col\11924 
801 1 |a RU  |b 63413507  |c 20111121 
801 2 |a RU  |b 63413507  |c 20120120  |g RCR 
856 4 |u http://www.lib.tpu.ru/fulltext/a/2011/70.pdf 
942 |c CF